Кн. 3 : Пророчества Нового времени; Великая книга пророков

Bibliografski detalji
Parent link:Великая книга пророков: в 5 кн./ Н. Н. Непомнящий. Кн. 3 : Пророчества Нового времени.— , 2006.— 5-94849-808-5
Sažetak:Когда мы слышим слово "пророк", нам, как правило, вспоминаются библейские пророки. Но и последние века нашей истории подарили миру немало ясновидцев. Екатерина I и блаженная Ксения, госпожа Ленорман и Григорий Распутин, Серафим Саровский и Михаил Булгаков... Столь разных, казалось бы, людей объединяет особый дар — дар видеть сквозь время. Читайте в нашей книге об этих и других интереснейших провидцах и об их удивительных предсказаниях.
Jezik:ruski
Izdano: 2006
Teme:
Format: MixedMaterials Knjiga
KOHA link:https://koha.lib.tpu.ru/cgi-bin/koha/opac-detail.pl?biblionumber=340435

MARC

LEADER 00000nam2a2200000 4500
001 340435
005 20241112063152.0
010 |a 5948498166 
035 |a (RuTPU)RU\TPU\book\367297 
090 |a 340435 
100 |a 20180326d2006 km y0rusy50 ca 
101 0 |a rus 
102 |a RU 
105 |a a z 000zd 
200 0 |a Кн. 3 : Пророчества Нового времени 
210 |d 2006 
215 |a 320 с.  |c ил. 
330 |a Когда мы слышим слово "пророк", нам, как правило, вспоминаются библейские пророки. Но и последние века нашей истории подарили миру немало ясновидцев. Екатерина I и блаженная Ксения, госпожа Ленорман и Григорий Распутин, Серафим Саровский и Михаил Булгаков... Столь разных, казалось бы, людей объединяет особый дар — дар видеть сквозь время. Читайте в нашей книге об этих и других интереснейших провидцах и об их удивительных предсказаниях. 
461 1 |0 (RuTPU)RU\TPU\book\303951  |y 5-94849-808-5  |t Великая книга пророков  |o в 5 кн.  |f Н. Н. Непомнящий  |v Кн. 3 : Пророчества Нового времени  |d 2006 
600 0 |a Серафим Саровский  |c святой Русской православной церкви  |c в миру Прохор Исидорович Мошнин  |f 1754/1759-1833  |2 stltpush  |3 (RuTPU)RU\TPU\pers\12148  |9 3184 
600 1 |a Булгаков  |b М. А.  |c русский писатель  |f 1891-1940  |g Михаил Афанасьевич  |2 stltpush  |3 (RuTPU)RU\TPU\pers\984  |9 436 
600 1 |a Распутин  |g Григорий Ефимович  |b Г. Е.  |c настоящая фамилия Новых  |c крестьянин Тобольской губернии  |f 1864/1865-1916  |c авантюрист, "прорицатель", "целитель"  |2 stltpush  |3 (RuTPU)RU\TPU\pers\1157 
606 1 |a Мистика  |2 stltpush  |3 (RuTPU)RU\TPU\subj\44114  |9 63487 
610 1 |a пророчества 
610 1 |a пророки 
610 1 |a ясновидение 
610 1 |a предсказания 
610 1 |a биографии 
686 |a Э4  |v LBC/SL-A  |2 rubbk 
801 1 |a RU  |b 63413507  |c 20180326 
801 2 |a RU  |b 63413507  |c 20180416  |g RCR 
942 |c BK